खोई हुई थाती / (Record no. 114124)

MARC details
000 -LEADER
fixed length control field 01050nam a22002537a 4500
005 - DATE AND TIME OF LATEST TRANSACTION
control field 20170124103003.0
010 ## - LIBRARY OF CONGRESS CONTROL NUMBER
LC control number A-648625
020 ## - INTERNATIONAL STANDARD BOOK NUMBER
Terms of availability 50.00
International Standard Book Number 8170161657
035 ## - SYSTEM CONTROL NUMBER
System control number A-648625
037 ## - SOURCE OF ACQUISITION
Source of stock number/acquisition Cen Lib/Ret
040 ## - CATALOGING SOURCE
Original cataloging agency DPL
Language of cataloging HN
082 ## - DEWEY DECIMAL CLASSIFICATION NUMBER
Classification number
Item number गंगाप्र
100 ## - MAIN ENTRY--PERSONAL NAME
Personal name गंगाप्रसाद विमल
9 (RLIN) 44829
245 ## - TITLE STATEMENT
Title खोई हुई थाती /
Statement of responsibility, etc गंगाप्रसाद विमल
246 ## - VARYING FORM OF TITLE
Title proper/short title Khoyi huyi thati /
Remainder of title by Ganga Prasad Vimal
260 ## - PUBLICATION, DISTRIBUTION, ETC. (IMPRINT)
Place of publication, distribution, etc नई दिल्ली
Name of publisher, distributor, etc किताबघर
Date of publication, distribution, etc 1993
270 ## - ADDRESS
Address 24, अंसारी रोड, दरियागंज
City नई दिल्ली
Postal code 110002
300 ## - PHYSICAL DESCRIPTION
Extent 119पृ.
Dimensions 17सेमी (सजिल्द )
650 ## - SUBJECT ADDED ENTRY--TOPICAL TERM
Topical term or geographic name as entry element हिंदी साहित्य
General subdivision
Geographic subdivision
9 (RLIN) 104987
650 ## - SUBJECT ADDED ENTRY--TOPICAL TERM
Topical term or geographic name as entry element हिंदी साहित्य--कहानियां
Form subdivision
9 (RLIN) 104988
650 ## - SUBJECT ADDED ENTRY--TOPICAL TERM
Topical term or geographic name as entry element Hindi literature
9 (RLIN) 104989
650 ## - SUBJECT ADDED ENTRY--TOPICAL TERM
Topical term or geographic name as entry element Hindi literature--Stories
9 (RLIN) 104990
942 ## - ADDED ENTRY ELEMENTS (KOHA)
Source of classification or shelving scheme Dewey Decimal Classification
Koha item type Hindi Books
Classification part
Call number suffix गंगाप्र
Holdings
Withdrawn status Lost status Damaged status Not for loan Home library Current library Date acquired Source of acquisition Cost, normal purchase price Total Checkouts Full call number Barcode Date last seen Date checked out Copy number Cost, replacement price Price effective from Koha item type Source of classification or shelving scheme
        Central Library Central Library 14/08/2015 Cen Lib/Ret 50.00 1 क गंगाप्र A-648625 05/03/2018 19/02/2018 1 50.00 14/08/2015 Hindi Books  
        Central Library Central Library 31/10/2016   50.00   क गंगाप्र A-648624 31/10/2016   2 50.00 31/10/2016 Hindi Books Dewey Decimal Classification

© Delhi Public Library
Hit Counter
free hit counter